| 000 | 00642nam a2200181Ia 4500 | ||
|---|---|---|---|
| 008 | 090124s9999 xx 000 0 und d | ||
| 082 | _b31018 | ||
| 100 | _aशेवते अरूण | ||
| 245 | _a साहेब संध्याकाळी भेटले | ||
| 250 | _a1 | ||
| 260 |
_bमेहता पब्लिशिंग हाऊस _c1992 |
||
| 300 | _a92 | ||
| 600 | _aशेवते अरूण | ||
| 630 | _a साहेब संध्याकाळी भेटले | ||
| 700 | _aशेवते अरूण | ||
| 730 | _a साहेब संध्याकाळी भेटले | ||
| 942 | _cBOOK | ||
| 999 |
_c97119 _d97119 |
||